[Event "Kup SS CS 2014"]
[Site "?"]
[Date "2014.05.03"]
[Round "6.1"]
[White "Djukic, Zeljko"]
[Black "Zajic, Milan"]
[Result "0-1"]
[WhiteElo "2382"]
[BlackElo "2347"]
[PlyCount "72"]
[EventDate "2014.03.23"]

1. d4 d5 2. c4 c6 3. cxd5 cxd5 4. Bf4 Nc6 5. e3 Nf6 6. Nc3 Bf5 7. Bd3 Bxd3 8.
Qxd3 e6 9. Nf3 Bd6 10. Bg5 O-O 11. O-O Rc8 12. Rfc1 Be7 13. Bxf6 Bxf6 14. Na4
Qd6 15. Qb5 Qb4 16. Qxb4 Nxb4 17. g4 Be7 18. Ne5 f6 19. Nd7 Rfe8 20. Ndc5 Bxc5
21. Nxc5 b6 22. Na4 e5 23. dxe5 fxe5 24. Rxc8 Rxc8 25. Rd1 Rc4 26. h3 Nxa2 27.
b3 Rc1 28. Rxc1 Nxc1 29. b4 Nd3 30. b5 Kf7 31. Kf1 Ke6 32. Ke2 Nc5 33. Nc3 d4
34. Na2 Kd5 35. Nb4+ Kc4 36. Nc6 Kc3 0-1

[Event "Kup SS CS 2014"]
[Site "?"]
[Date "2014.05.03"]
[Round "6.1"]
[White "Djokic, Vladan"]
[Black "Brankovic, Dejan"]
[Result "1/2-1/2"]
[WhiteElo "2309"]
[BlackElo "2349"]
[PlyCount "100"]
[EventDate "2014.03.23"]

1. c4 Nf6 2. Nf3 g6 3. g3 Bg7 4. Bg2 O-O 5. O-O d6 6. d4 Nbd7 7. Nc3 e5 8. dxe5
dxe5 9. Qc2 c6 10. b4 Re8 11. Rb1 Nf8 12. Rd1 Qc7 13. Nd2 Bf5 14. e4 Bg4 15. f3
Bc8 16. Nb3 Qb6+ 17. Nc5 Ne6 18. N3a4 Qc7 19. Nxe6 Bxe6 20. Nc5 Rad8 21. Rxd8
Qxd8 22. Nxe6 Rxe6 23. Be3 Rd6 24. Bf1 h5 25. Rb3 a6 26. b5 Qa5 27. bxa6 bxa6
28. c5 Rd8 29. Rb6 h4 30. Rxa6 Qe1 31. Qf2 Qa1 32. g4 Rd1 33. h3 Nd7 34. Kg2
Nf8 35. Ra8 Rb1 36. Rd8 Bf6 37. Rd2 Ne6 38. Bc4 Nd4 39. g5 Bg7 40. f4 Qc3 41.
Bxf7+ Kxf7 42. fxe5+ Kg8 43. Rxd4 Rb8 44. Rd7 Rf8 45. Qd2 Qxe5 46. Bf2 Qxe4+
47. Kg1 Qb1+ 48. Kg2 Qe4+ 49. Kg1 Qb1+ 50. Kg2 Qe4+ 1/2-1/2

[Event "Kup SS CS 2014"]
[Site "?"]
[Date "2014.05.03"]
[Round "6.1"]
[White "Cvetanovic, Uros"]
[Black "Stankovic, Dejan"]
[Result "1-0"]
[WhiteElo "2290"]
[BlackElo "2256"]
[PlyCount "117"]
[EventDate "2014.03.23"]

1. e4 e5 2. Nc3 Bb4 3. Nd5 Bc5 4. Qg4 Kf8 5. Qg3 d6 6. b4 Bb6 7. f4 Nf6 8. Nxb6
axb6 9. d3 Qe7 10. c3 Nh5 11. Qf3 Nxf4 12. Bxf4 exf4 13. Qxf4 Qe5 14. Qd2 Bg4
15. Be2 h5 16. Nf3 Bxf3 17. Bxf3 Ra3 18. d4 Qb5 19. Qb2 Ra7 20. Be2 Qg5 21. O-O
Nd7 22. Bc4 f6 23. Rae1 Ke7 24. Rf5 Qg4 25. Qf2 Kd8 26. Bf7 h4 27. h3 Qg3 28.
Qxg3 hxg3 29. Rf3 Ke7 30. Bb3 c5 31. Rxg3 g5 32. Re2 Rc8 33. a4 cxd4 34. cxd4
Rc1+ 35. Kf2 Ra8 36. h4 Rac8 37. hxg5 fxg5 38. Rxg5 Rf8+ 39. Rf5 Rb1 40. Rxf8
Kxf8 41. Be6 Ke7 42. Bxd7 Kxd7 43. b5 Rb4 44. Ke3 Rxa4 45. Rf2 Ra3+ 46. Kf4 Rb3
47. g4 Rxb5 48. g5 Ke6 49. Rh2 Rb1 50. Rh6+ Ke7 51. Rh7+ Kf8 52. Rxb7 Rf1+ 53.
Kg4 Re1 54. Kf5 Rf1+ 55. Ke6 Re1 56. Kd5 Rg1 57. Rxb6 Rxg5+ 58. Kxd6 Rg4 59.
Kd5 1-0

[Event "Kup SS CS 2014"]
[Site "?"]
[Date "2014.05.03"]
[Round "6.2"]
[White "Dinic, Dragan"]
[Black "Stojanovic, Marko"]
[Result "1-0"]
[WhiteElo "2298"]
[BlackElo "2294"]
[PlyCount "119"]
[EventDate "2014.03.23"]

1. e4 e5 2. Nc3 Bc5 3. Bc4 Qf6 4. Nf3 c6 5. d3 h6 6. Be3 d6 7. d4 Bb4 8. Qd2
Bg4 9. Ng1 Nd7 10. f3 Be6 11. Bxe6 Qxe6 12. a3 Bxc3 13. Qxc3 Ne7 14. Ne2 O-O
15. dxe5 dxe5 16. g4 Rfd8 17. Ng3 c5 18. O-O Nc6 19. Qe1 Nd4 20. Qf2 b6 21.
Rad1 Nf8 22. c3 Nb3 23. Qe2 c4 24. Nf5 Na5 25. Rd5 Rxd5 26. exd5 Qd7 27. Bxh6
Ng6 28. Nxg7 Qxd5 29. Rd1 Qc6 30. Nf5 Re8 31. Rd6 Qc7 32. Qe4 Nb7 33. Rc6 Qd7
34. Qxc4 Qd1+ 35. Qf1 Qd5 36. Qc4 Qd1+ 37. Kg2 Nf4+ 38. Bxf4 exf4 39. Qxf4 Re2+
40. Kh3 Qf1+ 41. Kh4 Qf2+ 42. Kh5 Qxh2+ 43. Qxh2 Rxh2+ 44. Kg5 Rf2 45. Rc7 Nc5
46. Nh6+ Kf8 47. Rxf7+ Ke8 48. b4 Nd3 49. f4 a5 50. bxa5 bxa5 51. f5 Ra2 52.
Kf6 Rxa3 53. Re7+ Kd8 54. Nf7+ Kc8 55. g5 Rxc3 56. g6 Nf4 57. Nd6+ Kd8 58. Nb7+
Kc8 59. Kf7 Nd5 60. Nd6+ 1-0

[Event "Kup SS CS 2014"]
[Site "?"]
[Date "2014.05.03"]
[Round "6.2"]
[White "Djuric, Zoran"]
[Black "Panic, Milan"]
[Result "1-0"]
[WhiteElo "2233"]
[BlackElo "2274"]
[PlyCount "135"]
[EventDate "2014.03.23"]

1. e4 e5 2. Nf3 Nc6 3. Bc4 Bc5 4. O-O Nf6 5. d3 d6 6. h3 a6 7. c3 Ba7 8. a4 Be6
9. Nbd2 O-O 10. Re1 Re8 11. Bxe6 Rxe6 12. Ng5 Re8 13. Nf1 h6 14. Nf3 d5 15. Qe2
Qd7 16. Ng3 dxe4 17. dxe4 Bc5 18. Be3 Bxe3 19. Qxe3 Qe6 20. Qc1 Na5 21. Qc2 Qb3
22. Qxb3 Nxb3 23. Ra3 Nc5 24. b4 Nd3 25. Rd1 Nb2 26. Rc1 Nc4 27. Ra2 Rad8 28.
Kf1 Rd7 29. a5 Red8 30. Ke2 Ne8 31. Nf1 Ned6 32. N3d2 f6 33. Raa1 Kf7 34. Nxc4
Nxc4 35. Rd1 Ke6 36. Rxd7 Rxd7 37. Ne3 Nd6 38. f3 Nb5 39. Rc1 g6 40. g4 c6 41.
h4 Nd6 42. Rd1 Nb5 43. Rxd7 Kxd7 44. Kd3 Nd6 45. h5 gxh5 46. gxh5 Ke6 47. Ng4
Nf7 48. Ne3 Ng5 49. Nf5 Nxf3 50. Nxh6 Ng5 51. Nf5 Nh3 52. Ke3 Ng5 53. h6 Nh7
54. Kd3 Ng5 55. Ke3 Nh7 56. Kf3 Ng5+ 57. Kg4 Nh7 58. Kh4 Kd7 59. Kg4 Ke6 60.
Ng7+ Kf7 61. Kf5 Nf8 62. Nh5 Nh7 63. c4 Ke7 64. Kg6 Nf8+ 65. Kg7 Ne6+ 66. Kg8
Ng5 67. Ng7 Nf7 68. Nf5+ 1-0

[Event "Kup SS CS 2014"]
[Site "?"]
[Date "2014.05.03"]
[Round "6.2"]
[White "Dodic, Dragan"]
[Black "Ilic, Zdravko"]
[Result "1/2-1/2"]
[WhiteElo "2083"]
[BlackElo "2161"]
[PlyCount "36"]
[EventDate "2014.03.23"]

1. d4 Nf6 2. c4 d6 3. Nf3 c6 4. Nc3 Nbd7 5. g3 e5 6. e4 Qc7 7. Bg2 Be7 8. O-O
O-O 9. h3 b6 10. Be3 a6 11. a4 a5 12. Re1 Ba6 13. b3 Rfe8 14. Qd2 Bf8 15. Rad1
exd4 16. Nxd4 Nc5 17. Qc2 Bb7 18. Re2 Rad8 1/2-1/2

[Event "Kup SS CS 2014"]
[Site "?"]
[Date "2014.05.03"]
[Round "6.2"]
[White "Savic, Petar A"]
[Black "Dinic, Vojislav"]
[Result "1/2-1/2"]
[WhiteElo "2127"]
[BlackElo "1930"]
[PlyCount "157"]
[EventDate "2014.03.23"]

1. e4 c5 2. Nc3 Nc6 3. Nf3 a6 4. a4 e6 5. Bc4 Qc7 6. O-O Nf6 7. d3 h6 8. Re1
Ng4 9. h3 h5 10. Ne2 Nge5 11. Nxe5 Nxe5 12. Bb3 Ng6 13. Bd2 b6 14. Bc3 Nf4 15.
Qd2 Ng6 16. Qe3 Bb7 17. Rf1 O-O-O 18. d4 c4 19. Ba2 d5 20. e5 a5 21. b3 Nh4 22.
Qd2 g5 23. b4 g4 24. hxg4 hxg4 25. bxa5 Bh6 26. axb6 Qe7 27. Bb4 Qe8 28. Qc3
Nf5 29. f4 gxf3 30. Rxf3 Bg5 31. Ng3 Nh4 32. Rf2 Ng6 33. a5 Ba6 34. Ba3 Kb7 35.
Bc1 Bh4 36. Rf3 Rh7 37. Ne2 Qe7 38. Rh3 Rdh8 39. Qa3 Qd7 40. Qe3 Ne7 41. Bd2
Nf5 42. Qf3 Bd8 43. Rxh7 Rxh7 44. Bb1 Rg7 45. Be1 c3 46. Nxc3 Nxd4 47. Qf4 Nf5
48. Na4 Qb5 49. c4 Qxc4 50. Qxc4 Bxc4 51. Bxf5 exf5 52. Bf2 Be7 53. Bc5 Bg5 54.
Bd4 Be7 55. e6 Rh7 56. exf7 Rxf7 57. Bc5 Bf6 58. Rb1 Bd3 59. Rb4 Be5 60. Bd4
Bd6 61. Nc5+ Bxc5 62. Bxc5 Bc4 63. Rb2 Rg7 64. Kf2 Rg8 65. g3 Ra8 66. Bb4 Rc8
67. Kf3 Bd3 68. Rh2 Be4+ 69. Ke3 Rc4 70. Rh7+ Ka6 71. Ra7+ Kb5 72. Bd2 d4+ 73.
Ke2 Rc8 74. b7 Rb8 75. a6 Kb6 76. Ra8 Rxa8 77. bxa8=Q Bxa8 78. Kd3 Kxa6 79.
Kxd4 1/2-1/2

[Event "Kup SS CS 2014"]
[Site "?"]
[Date "2014.05.03"]
[Round "6.3"]
[White "Irizanin, Radoje"]
[Black "Brkljaca, Ante"]
[Result "1/2-1/2"]
[WhiteElo "2327"]
[BlackElo "2323"]
[PlyCount "44"]
[EventDate "2014.03.23"]

1. d4 Nf6 2. Nf3 e6 3. Nbd2 c5 4. e3 b6 5. Bd3 Bb7 6. O-O cxd4 7. exd4 Be7 8.
Re1 O-O 9. Nf1 d6 10. Ng3 Nbd7 11. a4 a6 12. c4 a5 13. b3 Re8 14. Bb2 Bf8 15.
Qe2 Rc8 16. Rad1 Rc7 17. Bb1 Qa8 18. Nf1 d5 19. Ne3 Bb4 20. Rf1 g6 21. Ne5 Bf8
22. f3 Ba6 1/2-1/2

[Event "Kup SS CS 2014"]
[Site "?"]
[Date "2014.05.03"]
[Round "6.3"]
[White "Ilic, Dragan M"]
[Black "Mirkovic, Stevan"]
[Result "1/2-1/2"]
[WhiteElo "2371"]
[BlackElo "2298"]
[PlyCount "31"]
[EventDate "2014.03.23"]

1. d4 d5 2. c4 dxc4 3. Nc3 Nf6 4. Nf3 a6 5. a4 Nc6 6. e4 Bg4 7. d5 Ne5 8. Bf4
Bxf3 9. gxf3 Nfd7 10. Bg3 e6 11. f4 Nd3+ 12. Bxd3 cxd3 13. dxe6 fxe6 14. Qxd3
Nc5 15. Qe2 Qd3 16. Rd1 1/2-1/2

[Event "Kup SS CS 2014"]
[Site "?"]
[Date "2014.05.03"]
[Round "6.3"]
[White "Smolovic, Mile"]
[Black "Zivkovic, Vladislav"]
[Result "1/2-1/2"]
[WhiteElo "2323"]
[BlackElo "2195"]
[PlyCount "47"]
[EventDate "2014.03.23"]

1. e4 c6 2. d4 d5 3. Nd2 dxe4 4. Nxe4 Nf6 5. Nxf6+ exf6 6. c3 Bd6 7. Bd3 O-O 8.
Qc2 g6 9. Ne2 Re8 10. h4 f5 11. Bd2 Nd7 12. O-O-O Qc7 13. c4 b6 14. f3 Bb7 15.
g4 fxg4 16. fxg4 c5 17. d5 Ne5 18. h5 b5 19. hxg6 fxg6 20. cxb5 Bxd5 21. Be4
Bxe4 22. Qxe4 Qf7 23. Bc3 c4 24. Kb1 1/2-1/2

[Event "Kup SS CS 2014"]
[Site "?"]
[Date "2014.05.03"]
[Round "6.3"]
[White "Gosic, Bogdan"]
[Black "Gavrilovic, Leonardo"]
[Result "0-1"]
[WhiteElo "2272"]
[BlackElo "2255"]
[Annotator "Doe,John"]
[PlyCount "28"]
[EventDate "2014.03.23"]

1. e4 Nf6 2. e5 Nd5 3. d4 d6 4. Nf3 g6 5. Bc4 Nb6 6. Be2 Bg7 7. O-O O-O 8. a4
a5 9. Nc3 dxe5 10. Nxe5 N8d7 11. Nf3 Nf6 12. Re1 Bf5 13. Bg5 h6 14. Bh4 c6 {mob
} 0-1

[Event "Kup SS CS 2014"]
[Site "?"]
[Date "2014.05.03"]
[Round "6.4"]
[White "Milosevic, Zoran"]
[Black "Radovanovic, Nikola"]
[Result "1/2-1/2"]
[WhiteElo "2229"]
[BlackElo "2308"]
[PlyCount "78"]
[EventDate "2014.03.23"]

1. d4 Nf6 2. Nf3 g6 3. c4 Bg7 4. Nc3 d5 5. Bg5 Ne4 6. Bh4 Nxc3 7. bxc3 c5 8. e3
Nc6 9. Rc1 dxc4 10. Bxc4 O-O 11. O-O Bf5 12. Qe2 Na5 13. Bd3 Bxd3 14. Qxd3 Qd7
15. Rb1 cxd4 16. cxd4 e6 17. Bg3 Rac8 18. Rfc1 Rxc1+ 19. Rxc1 Rc8 20. Rxc8+
Qxc8 21. h3 Qc1+ 22. Kh2 Qb2 23. Qd2 Nc4 24. Qxb2 Nxb2 25. Bb8 a5 26. Nd2 Bf8
27. Kg1 a4 28. Kf1 Nd3 29. Nb1 a3 30. Nc3 Nc1 31. Ke1 Bb4 32. Kd1 Nd3 33. Ne4
f5 34. Ng5 Be7 35. Kc2 Nb4+ 36. Kb3 Nxa2 37. Kxa2 Bxg5 38. Kxa3 Kf7 39. Kb4 Ke8
1/2-1/2

[Event "Kup SS CS 2014"]
[Site "?"]
[Date "2014.05.03"]
[Round "6.4"]
[White "Jovanovic, Bojan P"]
[Black "Bezarevic, Branko"]
[Result "1-0"]
[WhiteElo "2254"]
[BlackElo "2167"]
[PlyCount "67"]
[EventDate "2014.03.23"]

1. d4 Nf6 2. c4 e6 3. Nf3 b6 4. g3 Bb7 5. Bg2 Be7 6. Nc3 O-O 7. O-O Ne4 8. Qc2
Nxc3 9. bxc3 f5 10. d5 Na6 11. Rd1 Qc8 12. Nd4 Nc5 13. Ba3 g6 14. Bxc5 Bxc5 15.
dxe6 Bxg2 16. Kxg2 dxe6 17. Qa4 e5 18. Nf3 Bd6 19. Qc6 Re8 20. Ng5 Kg7 21. Rab1
h6 22. c5 hxg5 23. cxd6 cxd6 24. Qxd6 Qe6 25. Qa3 Qc6+ 26. Kg1 Kh6 27. Rd6 Qe4
28. Rbd1 Qxe2 29. Rd7 Re6 30. Qb3 Rae8 31. Rxa7 e4 32. Rdd7 g4 33. Qb4 e3 34.
Rh7+ 1-0

[Event "Kup SS CS 2014"]
[Site "?"]
[Date "2014.05.03"]
[Round "6.4"]
[White "Vasic, Vladimir"]
[Black "Djuretanovic, Ivan"]
[Result "1/2-1/2"]
[WhiteElo "2158"]
[BlackElo "2047"]
[PlyCount "82"]
[EventDate "2014.03.23"]

1. e4 e5 2. Nf3 Nc6 3. Bb5 a6 4. Bxc6 dxc6 5. d4 exd4 6. Qxd4 Qxd4 7. Nxd4 c5
8. Ne2 Nf6 9. f3 b6 10. Bf4 Kd7 11. Nbc3 Kc6 12. O-O-O Be6 13. g4 Be7 14. Bg3
Rad8 15. Nf4 Rxd1+ 16. Rxd1 Rd8 17. Rxd8 Bxd8 18. Nxe6 fxe6 19. Ne2 g5 20. h4
h6 21. hxg5 hxg5 22. Kd2 b5 23. Ke3 Be7 24. c3 Bd6 25. e5 Nd5+ 26. Ke4 Bf8 27.
f4 gxf4 28. Nxf4 Nxf4 29. Bxf4 Kd7 30. b3 c6 31. c4 Be7 32. g5 Ke8 33. g6 Kf8
34. Bh6+ Kg8 35. Kf4 Bh4 36. Kf3 Be1 37. Kg4 Bc3 38. Bf4 Kg7 39. Kh5 Bd4 40.
Bh6+ Kg8 41. Bf4 Kg7 1/2-1/2

[Event "Kup SS CS 2014"]
[Site "?"]
[Date "2014.05.03"]
[Round "6.5"]
[White "Zlatanovic, Zoran"]
[Black "Blagojevic, Nebojsa"]
[Result "1/2-1/2"]
[WhiteElo "2181"]
[BlackElo "2317"]
[PlyCount "47"]
[EventDate "2014.03.23"]

1. e4 c5 2. Nf3 Nc6 3. d3 g6 4. g3 Bg7 5. Bg2 d6 6. O-O Nf6 7. Re1 e5 8. c3 O-O
9. a3 a5 10. a4 b6 11. Na3 Re8 12. Nb5 Ba6 13. Qb3 Na7 14. d4 Nxb5 15. axb5 Bb7
16. dxe5 dxe5 17. Nd2 Bc8 18. Bf1 Qc7 19. Bc4 Be6 20. Bxe6 Rxe6 21. Nc4 Ne8 22.
Ne3 Nf6 23. f3 Rd8 24. c4 1/2-1/2

[Event "Kup SS CS 2014"]
[Site "?"]
[Date "2014.05.03"]
[Round "6.5"]
[White "Mitrovic, Marjan"]
[Black "Kalcic, Krsta"]
[Result "0-1"]
[WhiteElo "2111"]
[BlackElo "2214"]
[PlyCount "70"]
[EventDate "2014.03.23"]

1. c4 Nf6 2. Nf3 g6 3. g3 Bg7 4. Bg2 O-O 5. O-O d6 6. Nc3 c5 7. d4 cxd4 8. Nxd4
a6 9. b3 Qc7 10. Bb2 Nc6 11. Nd5 Nxd5 12. cxd5 Ne5 13. Qd2 Qb6 14. h3 a5 15. f4
Nd7 16. Kh2 Nc5 17. e4 a4 18. b4 a3 19. Bc3 Na4 20. Rfd1 Bd7 21. Rab1 Nxc3 22.
Qxc3 Rfc8 23. Qd2 Bxd4 24. Qxd4 Qxd4 25. Rxd4 Rc2 26. Ra1 Bb5 27. Kg1 Bc4 28.
Bf1 Bxa2 29. Rd3 Rb2 30. Rc3 Bb3 31. Bd3 a2 32. h4 b5 33. h5 gxh5 34. Rcc1 Bc4
35. Bc2 Ra3 0-1

[Event "Kup SS CS 2014"]
[Site "?"]
[Date "2014.05.03"]
[Round "6.5"]
[White "Milutinovic, Stefana"]
[Black "Djoric, Hadzi Goran"]
[Result "1-0"]
[WhiteElo "2048"]
[BlackElo "2151"]
[PlyCount "99"]
[EventDate "2014.03.23"]

1. Nf3 d5 2. d4 Nf6 3. c4 e6 4. Nc3 c6 5. cxd5 exd5 6. Bg5 Bf5 7. Qb3 Bc8 8. e3
Be7 9. Bd3 O-O 10. h3 Nbd7 11. Qc2 h6 12. Bf4 Re8 13. O-O-O b5 14. Kb1 Nb6 15.
Ne5 Bb7 16. g4 Nfd7 17. Bh7+ Kf8 18. Nxf7 Kxf7 19. Qg6+ Kf8 20. Bxh6 Bf6 21.
Bf4 Re6 22. g5 Nc4 23. Rhg1 Qe7 24. gxf6 Nxf6 25. Qc2 Qb4 26. Ka1 Qxb2+ 27.
Qxb2 Nxb2 28. Kxb2 Nxh7 29. Be5 g6 30. Ne2 g5 31. h4 Rg6 32. Nf4 Rg8 33. hxg5
Ke7 34. Nh5 Raf8 35. f4 Bc8 36. g6 Nf6 37. Nxf6 Rxf6 38. Bxf6+ Kxf6 39. g7 Bf5
40. Rc1 Bd7 41. Rc3 a5 42. Ra3 a4 43. Rc3 Be8 44. Ka3 Ke7 45. Rc2 Kd6 46. Rh2
Ke7 47. Kb4 Kf7 48. Rh8 Bd7 49. Rxg8 Kxg8 50. Kc5 1-0

[Event "Kup SS CS 2014"]
[Site "?"]
[Date "2014.05.03"]
[Round "6.5"]
[White "Mitrovic, Mikica"]
[Black "Zlatanovic, Jovana"]
[Result "1-0"]
[WhiteElo "1993"]
[BlackElo "1716"]
[PlyCount "53"]
[EventDate "2014.03.23"]

1. g3 c5 2. Bg2 e6 3. Nf3 Nc6 4. O-O g6 5. d4 cxd4 6. Nxd4 Qb6 7. Nxc6 bxc6 8.
b3 Bg7 9. Be3 Qc7 10. Bd4 e5 11. Bc5 d5 12. e4 Be6 13. Nc3 Rd8 14. exd5 cxd5
15. b4 e4 16. Nb5 Qb8 17. Nxa7 Rd7 18. Nc6 Qc7 19. Nd4 Ne7 20. a4 O-O 21. Qe2
Rc8 22. c3 Rdd8 23. Qa6 Ra8 24. Qb6 Qd7 25. Qb5 Rdb8 26. Qxd7 Bxd7 27. Bxe7 1-0

[Event "Kup SS CS 2014"]
[Site "?"]
[Date "2014.05.03"]
[Round "6.6"]
[White "Marcetic, Predrag"]
[Black "Savic, Miodrag"]
[Result "1-0"]
[WhiteElo "2295"]
[BlackElo "2213"]
[PlyCount "51"]
[EventDate "2014.03.23"]

1. e4 e5 2. Nf3 Nf6 3. Nc3 Bb4 4. a3 Ba5 5. b4 Bb6 6. Be2 O-O 7. d3 h6 8. Na4
d6 9. O-O Bg4 10. h3 Bh5 11. Nh4 Bxe2 12. Qxe2 Nc6 13. Nxb6 axb6 14. Bb2 Nh7
15. Nf5 Ne7 16. Ng3 Ng6 17. Nh5 Qh4 18. f4 Nxf4 19. Rxf4 exf4 20. Nxg7 Nf6 21.
Nf5 Qg5 22. h4 Qh5 23. Qf2 Nd7 24. Qxf4 Kh7 25. Rf1 Rae8 26. Ng7 1-0

[Event "Kup SS CS 2014"]
[Site "?"]
[Date "2014.05.03"]
[Round "6.6"]
[White "Savic, Ivan"]
[Black "Kurcubic, Aleksandar"]
[Result "0-1"]
[WhiteElo "2048"]
[BlackElo "2270"]
[PlyCount "102"]
[EventDate "2014.03.23"]

1. e4 e5 2. Nf3 Nc6 3. Bb5 a6 4. Bxc6 dxc6 5. O-O f6 6. d4 Bg4 7. dxe5 Qxd1 8.
Rxd1 fxe5 9. h3 Bxf3 10. gxf3 Bd6 11. Nd2 O-O-O 12. Nc4 h6 13. f4 exf4 14.
Nxd6+ cxd6 15. Bxf4 Nf6 16. f3 d5 17. e5 Nh5 18. Bh2 Rhf8 19. Kf2 Rf5 20. Rd3
g5 21. Re1 Ng7 22. c3 Ne6 23. b4 Rdf8 24. Kg3 h5 25. Kg2 b5 26. Rde3 Kb7 27.
Bg3 h4 28. Bh2 c5 29. bxc5 Kc6 30. Rd1 Kxc5 31. Red3 Rd8 32. Bg1+ Kc6 33. Re3
Re8 34. Bh2 Nf4+ 35. Bxf4 gxf4 36. Red3 Rexe5 37. Kf2 Rg5 38. Rd4 Ref5 39. a4
Rg3 40. axb5+ axb5 41. Re1 Rxh3 42. Re6+ Kc5 43. Re8 Rh2+ 44. Kg1 Rc2 45. Rc8+
Kd6 46. Rb4 Rh5 47. Kh1 Re5 48. Rg8 Re1+ 49. Rg1 Rxg1+ 50. Kxg1 Rxc3 51. Rxf4
Rc4 0-1

[Event "Kup SS CS 2014"]
[Site "?"]
[Date "2014.05.03"]
[Round "6.6"]
[White "Marinkovic, Zoran"]
[Black "Vucetic, Mirko"]
[Result "1/2-1/2"]
[WhiteElo "2268"]
[BlackElo "2021"]
[PlyCount "118"]
[EventDate "2014.03.23"]

1. e4 c6 2. d4 d5 3. e5 Bf5 4. Nf3 e6 5. Be2 c5 6. Be3 Qb6 7. b3 Nc6 8. O-O Bg4
9. Nbd2 cxd4 10. Nxd4 Bxe2 11. Nxe2 Bc5 12. Bxc5 Qxc5 13. Nf3 Nge7 14. Re1 O-O
15. Rc1 Rfd8 16. c3 Rac8 17. Qd2 h6 18. h4 Ng6 19. Ned4 Nxd4 20. cxd4 Qa3 21.
Rc2 Ne7 22. Rec1 Rxc2 23. Rxc2 Nc6 24. g4 Qf8 25. Rc5 Qe8 26. Qc1 Qe7 27. h5
Rc8 28. g5 hxg5 29. Qxg5 Qd8 30. Qf4 Ne7 31. h6 Rxc5 32. h7+ Kh8 33. Ng5 Ng6
34. Nxf7+ Kxh7 35. Qh2+ Qh4 36. dxc5 Qxh2+ 37. Kxh2 d4 38. Kg3 Kg8 39. Nd8 Nxe5
40. Kf4 Nd3+ 41. Ke4 Nxc5+ 42. Kxd4 b6 43. b4 e5+ 44. Ke3 Nd7 45. Ke4 Nf6+ 46.
Kf5 e4 47. b5 Nd5 48. Nc6 Nc3 49. Nxa7 Nxa2 50. Kxe4 Nc3+ 51. Kd4 Na4 52. Nc8
Kf7 53. Kd5 Kf6 54. Kc6 Kf5 55. Nxb6 Nc3 56. Nd5 Nxb5 57. Kxb5 Ke4 58. Kc4 g5
59. Nf6+ Kf3 1/2-1/2

[Event "Kup SS CS 2014"]
[Site "?"]
[Date "2014.05.03"]
[Round "6.6"]
[White "Vasic, Zarko"]
[Black "Zecevic, Igor"]
[Result "1-0"]
[WhiteElo "2006"]
[BlackElo "1942"]
[PlyCount "59"]
[EventDate "2014.03.23"]

1. e4 c5 2. Nf3 Nc6 3. d4 cxd4 4. Nxd4 g6 5. c3 Nf6 6. f3 d5 7. Bb5 Qb6 8. e5
Nd7 9. e6 fxe6 10. Nxe6 Nf6 11. Bxc6+ bxc6 12. Qe2 Kf7 13. Be3 Ba6 14. Qf2 Qb7
15. Nc5 Qc8 16. Nd2 e5 17. O-O-O d4 18. cxd4 Bxc5 19. dxc5 Qe6 20. Kb1 Bd3+ 21.
Ka1 Nd5 22. Ne4 Kg7 23. Rxd3 Nb4 24. Ra3 Rhd8 25. Nd6 Rab8 26. Rxa7+ Kg8 27.
Bh6 Rd7 28. Ra4 Nd3 29. Qc2 Nxb2 30. Qxb2 1-0

[Event "Kup SS CS 2014"]
[Site "?"]
[Date "2014.05.03"]
[Round "6.7"]
[White "Todorovic, Bojan"]
[Black "Radosavljevic, Slobodan D"]
[Result "1-0"]
[WhiteElo "2321"]
[BlackElo "2227"]
[PlyCount "49"]
[EventDate "2014.03.23"]

1. d4 Nf6 2. c4 c5 3. d5 g6 4. Nc3 Bg7 5. e4 d6 6. Nf3 O-O 7. h3 e6 8. Bd3 exd5
9. cxd5 b5 10. Bxb5 Nxe4 11. Nxe4 Qa5+ 12. Nfd2 Qxb5 13. Nxd6 Qa6 14. N2c4 Nd7
15. O-O Nb6 16. Nxb6 Qxb6 17. Nxc8 Raxc8 18. Qb3 Rfd8 19. Rd1 Bd4 20. Qc4 Qb7
21. Be3 Rxd5 22. Rd2 Rd6 23. Rad1 Rb6 24. Bxd4 Rb4 25. Bf6 1-0

[Event "Kup SS CS 2014"]
[Site "?"]
[Date "2014.05.03"]
[Round "6.7"]
[White "Popovic, Djordje D"]
[Black "Nikolic, Boban"]
[Result "0-1"]
[WhiteElo "2210"]
[BlackElo "2236"]
[PlyCount "90"]
[EventDate "2014.03.23"]

1. d4 e6 2. c4 b6 3. a3 Nf6 4. Nc3 d5 5. Bg5 Be7 6. e3 O-O 7. Nf3 Bb7 8. cxd5
Nxd5 9. Bxe7 Qxe7 10. Nxd5 exd5 11. Bd3 c5 12. O-O Nc6 13. Rc1 c4 14. Bb1 b5
15. Re1 f5 16. Nd2 g6 17. f4 a5 18. Nf3 Bc8 19. Ne5 Nxe5 20. dxe5 Be6 21. Qd4
Rfb8 22. Bc2 b4 23. axb4 Qxb4 24. Rb1 a4 25. Rec1 Kf7 26. h3 Qb6 27. Qc3 Qc5
28. Ra1 Rb4 29. Rcb1 Qb6 30. Ra2 Bd7 31. Kh2 Bc6 32. g4 Bd7 33. gxf5 Bxf5 34.
Bxf5 gxf5 35. e6+ Ke7 36. Rg1 d4 37. exd4 Rd8 38. d5 Rxd5 39. Qg7+ Kd6 40. Rg2
Qc7 41. Qh6 Kc5 42. Re2 Qd6 43. Qh5 Qxf4+ 44. Kg2 Rb3 45. Rf2 Rg3+ 0-1

[Event "Kup SS CS 2014"]
[Site "?"]
[Date "2014.05.03"]
[Round "6.8"]
[White "Stankovic, Dragan P"]
[Black "Trailovic, Mile"]
[Result "1-0"]
[WhiteElo "2266"]
[BlackElo "2142"]
[PlyCount "173"]
[EventDate "2014.03.23"]

1. g3 g6 2. Bg2 Bg7 3. c4 e6 4. e4 c5 5. Nc3 Nc6 6. Nge2 Nge7 7. d3 b6 8. a3
Bb7 9. Rb1 d6 10. b4 Qd7 11. O-O h5 12. b5 Na5 13. h4 O-O-O 14. Bd2 Ba8 15. Qa4
Bh6 16. Bxh6 Rxh6 17. d4 Qc7 18. d5 e5 19. Nd1 Kb8 20. Ne3 Bb7 21. Qc2 Bc8 22.
f4 Ng8 23. Rf2 Qe7 24. fxe5 dxe5 25. Rbf1 f6 26. Nc3 Rd6 27. Kh2 Rh7 28. Nb1
Nh6 29. Nd2 Ng4+ 30. Nxg4 hxg4 31. Kg1 Qg7 32. Re1 Nb7 33. Nf1 Rd8 34. Qc3 Nd6
35. a4 Re8 36. a5 f5 37. axb6 axb6 38. exf5 gxf5 39. Rfe2 e4 40. Qxg7 Rxg7 41.
Ne3 Ra7 42. Bf1 Kc7 43. Rf2 Bd7 44. Ng2 Ra3 45. Re3 Ra1 46. Re1 Rea8 47. Rxa1
Rxa1 48. Kh2 Ra3 49. Nf4 Kd8 50. h5 Nf7 51. Be2 Kc7 52. Ng6 Nh6 53. Kg2 Kd6 54.
Bf1 Be8 55. Nf4 Bf7 56. Rd2 Ra1 57. Be2 Ng8 58. Bf1 Nf6 59. h6 Ra8 60. Rf2 Ke5
61. Rd2 Kd6 62. Rf2 Rh8 63. Ra2 Rxh6 64. Ra6 Nd7 65. Ra7 Rh8 66. Be2 Rd8 67.
Kf2 Rh8 68. Kg2 Re8 69. Kf2 Re7 70. Rb7 Be8 71. Ke3 Bf7 72. Bf1 Re8 73. Ra7 Rh8
74. Kf2 Rb8 75. Ke3 Rd8 76. Ng2 Ke5 77. Be2 Be8 78. Nf4 Bf7 79. Ng2 Kd6 80. Kf4
Rf8 81. Nh4 Bxd5 82. cxd5 Nf6 83. Nxf5+ Kxd5 84. Kg5 e3 85. Ne7+ Kd4 86. Ng6
Ne4+ 87. Kxg4 1-0

[Event "Kup SS CS 2014"]
[Site "?"]
[Date "2014.05.03"]
[Round "6.8"]
[White "Tosic, Branislav"]
[Black "Avramovic, Zoran"]
[Result "0-1"]
[WhiteElo "2247"]
[BlackElo "2313"]
[PlyCount "112"]
[EventDate "2014.03.23"]

1. d4 d5 2. Nf3 e6 3. c4 f5 4. Nc3 c6 5. Ne5 Nf6 6. g3 Bd6 7. Bg2 Nbd7 8. Bf4
Qc7 9. Nxd7 Bxd7 10. Bxd6 Qxd6 11. c5 Qe7 12. e3 e5 13. dxe5 Qxe5 14. Qd4 Qe7
15. O-O O-O 16. b4 Ne4 17. Ne2 Rab8 18. a3 Rfd8 19. Nf4 Be8 20. Ne2 b6 21. cxb6
axb6 22. Qd3 c5 23. f3 Nf6 24. Kh1 g6 25. bxc5 bxc5 26. Rab1 Bf7 27. Nc3 Rxb1
28. Rxb1 Re8 29. Re1 d4 30. Nd1 Qe5 31. f4 Qd6 32. Rf1 Ne4 33. Kg1 Nf6 34. a4
Rb8 35. exd4 cxd4 36. Nf2 Rb3 37. Qd2 Ra3 38. Qa5 Be8 39. Qe5 Qxe5 40. fxe5 Nh5
41. Rb1 Rxa4 42. Bd5+ Kf8 43. Rb8 Ra5 44. Rd8 Ke7 45. Rd6 Bd7 46. Nd3 Ng7 47.
Bc4 Be6 48. Rc6 Bxc4 49. Rxc4 Ne6 50. Rb4 Kd7 51. Rc4 g5 52. Rc1 Ra3 53. Nc5+
Nxc5 54. Rxc5 Ke6 55. h4 Rxg3+ 56. Kf2 gxh4 0-1

[Event "Kup SS CS 2014"]
[Site "?"]
[Date "2014.05.03"]
[Round "6.8"]
[White "Mircic, Ivan"]
[Black "Floricelovic, Milos"]
[Result "1/2-1/2"]
[WhiteElo "2257"]
[BlackElo "2041"]
[PlyCount "94"]
[EventDate "2014.03.23"]

1. c4 e6 2. d4 d5 3. Nf3 f5 4. g3 Nf6 5. Bg2 c6 6. O-O Bd6 7. b3 O-O 8. Ba3 Qe7
9. Bxd6 Qxd6 10. Ne5 Nbd7 11. Nxd7 Bxd7 12. Nd2 Be8 13. Nf3 Nd7 14. Qd2 Bh5 15.
c5 Qc7 16. b4 Bxf3 17. Bxf3 e5 18. dxe5 Nxe5 19. Bg2 Qe7 20. Rac1 Kh8 21. e3
Rad8 22. a4 a6 23. Rb1 Nc4 24. Qd4 Ra8 25. Rfd1 h6 26. Rb3 Qe5 27. Bf1 Qxd4 28.
exd4 b5 29. cxb6 Nxb6 30. Rc1 Nc4 31. Bxc4 dxc4 32. Rxc4 Rfd8 33. Rxc6 Rxd4 34.
b5 axb5 35. axb5 Rd1+ 36. Kg2 Rd2 37. Rcc3 Raa2 38. Rf3 g6 39. b6 Rab2 40. b7
Rxf2+ 41. Kg1 Rg2+ 42. Kf1 Rgf2+ 43. Ke1 Rfe2+ 44. Kd1 Red2+ 45. Kc1 Rdc2+ 46.
Kd1 Rd2+ 47. Kc1 Rdc2+ 1/2-1/2